000 00580nam a2200229Ia 4500
003 OSt
005 20220918201933.0
006 a|||||r|||| 00| 0
007 ta
008 220917b |||||||| |||| 00| 0 eng d
024 _a97,595
037 _cTextual
040 _aARTS
_cARTS
_beng
041 _2eng
_aeng
082 _aV2:2501:N3, K9-;1
100 _aGhose Sankar
245 0 _aRenaissance to militant nationalism in India
260 _c1969
650 _aHISTORY
942 _hV2:2501:N3, K9-;1
_cTEXL
_2CC
999 _c221190
_d221190